History Quiz

Random History or War Quiz
Score 0/15 Timer 04:00
1 Play Today
% Correct
Germany 1940 - Hitler's 'Last Appeal to Reason'
99.2%
India 1948 - The funeral of Mahatma Gandhi
98.6%
Japan 1945 - The taking of Iwo Jima by American forces
89.8%
United States 1941 - The USS Arizona sinks during the attack on Pearl Harbor
82.3%
(North) Korea 1945 - Pyongyang welcomes Soviets after Japanese occupation
80.3%
Netherlands 1940 - Anne Frank 2 years before going into hiding
74.4%
Italy 1944 - American soldier looks at a bullet-ridden poster of Mussolini
69.3%
France 1940 - Evacuation of 340,000 Allied soldiers from Dunkirk
62.2%
% Correct
USSR (Ukraine) 1945 - Yalta Conference to discuss post-war plans for Europe
57.1%
Argentina 1946 - Eva Perón supports women's suffrage
44.4%
Philippines 1944 - MacArthur leads the Philippines Campaign
39.6%
Indonesia 1945 - Sukarno declares Indonesian independence
31%
UK colony (Malta) 1942 - Siege of Malta during WWII
27.4%
Mexico 1940 - Police hold the axe used to kill Leon Trotsky
23.6%
Norway 1943 - German battleship Tirpitz deters Allied forces
17.6%
Come Together.
Have Fun.
All Virtual.
We all need to come together. Play Sporcle's virtual live trivia to have fun, connect with people, and get your trivia on. Join a live hosted trivia game for your favorite pub trivia experience done virtually. If a virtual private party is more your thing, go here for details.

You're not logged in!

Compare scores with friends on all Sporcle quizzes.
OR
Log In

Sporcle TV

Today on Sporcle TV


Watch our educational content, quiz creation guides, and fun videos on Sporcle TV.

Show Comments

Extras

Top Quizzes Today


Score Distribution

Paid Content

Your Account Isn't Verified!

In order to create a playlist on Sporcle, you need to verify the email address you used during registration. Go to your Sporcle Settings to finish the process.

Report this User

Report this user for behavior that violates our Community Guidelines.

Details: